000 00632nam a2200241Ia 4500
003 OSt
005 20220918192605.0
006 a|||||r|||| 00| 0
007 ta
008 220917b |||||||| |||| 00| 0 eng d
024 _a69,219
037 _cTextual
040 _aARTS
_cARTS
_beng
041 _2eng
_aeng
082 _aQ4v4315:N5, 122K2
100 _aChau-Seng
_979540
245 0 _aL'Organisation Buddhique au Cambodge
260 _c1962
490 _aCulture et civilisation khmeres; 4
650 _aRELIGION
942 _hQ4v4315:N5, 122K2
_cTEXL
_2CC
999 _c195382
_d195382